Metalsmith Essentials : Get the Most Out of Your Rolling Mill /
Serie de producciones audiovisuales de capacitación técnica para creadores y fabricantes de joyería, cuya presente entrega tiene como instructor al orfebre Richard Sweetman y está organizada en los siguientes capítulos: 1) Introducción a las laminadoras, 2) Laminar hojas de metal, 3) Impresión en lá...
Guardado en:
| Hovedforfatter: | |
|---|---|
| Format: | |
| Sprog: | engelsk |
| Udgivet: |
Fort Collins, EUA :
F+W Media,
2016, c2016
|
| Serier: | (Metalsmith Essentials)
|
| Fag: | |
| Tags: |
Ingen Tags, Vær først til at tagge denne postø!
|
MARC
| LEADER | 00000ngm^a2200000^a^4500 | ||
|---|---|---|---|
| 001 | 000394771 | ||
| 005 | 20250521000000.0 | ||
| 009 | 20260310121344.995 | ||
| 020 | |a 1-63250-530-4 | ||
| 020 | |a 978-1-63250-530-9 | ||
| 037 | |a Acervo ITESO - Biblioteca | ||
| 041 | |a ING | ||
| 082 | |a 739. 27028 |b MET SWE ROL | ||
| 100 | |a Sweetman, Richard |e (autor) | ||
| 240 | 1 | 1 | |a [Metalsmith Essentials] |
| 245 | 1 | 0 | |a Metalsmith Essentials : |b Get the Most Out of Your Rolling Mill / |c R. Sweetman. |
| 264 | 4 | |a Fort Collins, EUA : |b F+W Media, |c 2016, c2016 | |
| 264 | 2 | |a Fort Collins, EUA : |b F+W Media [distribución], |c 2016, c2016 | |
| 300 | |a 1 DVD sin dato de región 1 (74 min.) : |b color | ||
| 336 | |a imagen móvil bidimensional |b tdi |2 rdacontenido | ||
| 337 | |a video |b v |2 rdamedio | ||
| 338 | |a videodisco |b vd |2 rdasoporte | ||
| 440 | 1 | |a (Metalsmith Essentials) | |
| 520 | |a Serie de producciones audiovisuales de capacitación técnica para creadores y fabricantes de joyería, cuya presente entrega tiene como instructor al orfebre Richard Sweetman y está organizada en los siguientes capítulos: 1) Introducción a las laminadoras, 2) Laminar hojas de metal, 3) Impresión en lámina, 4) Encorvar alambre, 5) Encorvar oro, 6) Dobleces y 7) Cuidado y reparación de la laminadora. Los DVD incluyen, por lo general, una lista de herramientas y equipo necesarios para seguir en forma práctica las lecciones de la presentación, ubicada en el lateral de la contracubierta. | ||
| 520 | |a Suplementos y características especiales: ninguna. | ||
| 521 | |a Peticiones 2017 | ||
| 649 | |a XX | ||
| 650 | |a Joyería - |x Materiales y Equipo - |x Tema Principal | ||
| 650 | |a Joyería - |x Técnica - |x Tema Principal | ||
| 650 | |a Diseño Industrial - |x Materiales y Equipo | ||
| 650 | |a Diseño Industrial - |x Técnica | ||
| 650 | |a Diseño - |x Materiales y Equipo | ||
| 650 | |a Diseño - |x Técnica | ||
| 650 | |a Arte - |x Materiales y Equipo | ||
| 650 | |a Arte - |x Técnica | ||
| 910 | |a Fondo General | ||
| 920 | |a Audiovisuales - DVDs | ||
| 905 | |a 308 | ||
| 901 | |a 0500288475 |b IT2 |c DVR |i C155406 |u 20250521 | ||
| 902 | |a https://opac.biblio.iteso.mx/vufind/Record/000394771 | ||